Statistics for Country Puns

Click here to take the quiz!

General Stats

  • This quiz has been taken 147 times
  • The average score is 7 of 18

Answer Stats

Answer% Correct
A bull in a {China} shop
89%
Brrh.. It's {Chile}
63%
I'm not full I'm {Hungary}
63%
Put the {Turkey} in the oven
60%
There is {Norway} that it's true!
51%
{Kenya} believe it?
49%
Stick out your {Tonga}
46%
I can't {Belize} it!
37%
No hurry, it {Kuwait}
29%
{Iran} to the store
26%
I recently learned how to play the {Qatar}
23%
{Sweden} your coffee with sugar
23%
There is {Greece} on my shirt
23%
I'll order {Togo}
20%
I'm {Ghana} go to the beach
20%
Swallowed by {Wales}
17%
You're one in a {Brazil}ian
14%
Give me {Samoa}
11%

Score Distribution

Percentile by Number Answered

Percent of People with Each Score

Your Score History

You have not taken this quiz